• 首页
  • 本馆介绍
  • 公告通知
  • 最新文献
  • 馆藏检索
  • 电子资源
  • 读者导购
  • 参考咨询
  • 我的图书馆
  • 登录
  • 详细信息显示
  • 放入我的书架
  • 预约/预借图书
  • 作者相关作品
  • 分类相关作品
  • 丛书相关作品
  • 出版社相关作品

书目信息

  • 表格格式
  • 工作单格式
  • 卡片格式
题名:
幼儿园玩教具制作与环境创设
    
 
作者: 王燕 主编
分册:  
出版信息: 北京   人民邮电出版社  2014.09
页数: 132页
开本: 26cm
丛书名:
单 册:
中图分类: G614
科图分类:
主题词: 学前教育--xue qian jiao yu--玩具--制作--高等学校--教材 , 学前教育--xue qian jiao yu--教具--制作--高等学校--教材
电子资源:
ISBN: 978-7-115-36013-7
000 01015nam0 2200265 450
001 0109110046
005 20201109110333.0
010    @a978-7-115-36013-7@dCNY39.80
100    @a20141108e20192014em y0chiy0110 ea
101 0  @achi
102    @aCN@b110000
105    @aa az 000yy
106    @ar
200 1  @a幼儿园玩教具制作与环境创设@Ayou er yuan wan jiao ju zhi zuo yu huan jing chuang she@f王燕主编
210    @a北京@c人民邮电出版社@d2014.09@h2019.06
215    @a132页@c图@d26cm
300    @a高等教育学前教育专业规划教材工业和信息化普通高等教育“十二五”规划教材立项项目
320    @a有书目(第209-212页)
330    @a本书介绍了幼儿园玩教具制作与环境创设的基本理论知识,阐述了自制玩教具对儿童发展的重要价值以及幼儿园玩教具制作的基本要求。
606 0  @a学前教育@Axue qian jiao yu@x玩具@x制作@x高等学校@j教材
606 0  @a学前教育@Axue qian jiao yu@x教具@x制作@x高等学校@j教材
690    @aG614@v5
701  0 @a王燕@Awang yan@4主编
801  0 @aCN@bBJSZM@c20201103
905    @b1265331-5@dG614@e1439@f5
    
    幼儿园玩教具制作与环境创设/王燕主编.-北京:人民邮电出版社,2014.09(2019.06)
    132页:图;26cm
    高等教育学前教育专业规划教材工业和信息化普通高等教育“十二五”规划教材立项项目
    
    ISBN 978-7-115-36013-7:CNY39.80
    本书介绍了幼儿园玩教具制作与环境创设的基本理论知识,阐述了自制玩教具对儿童发展的重要价值以及幼儿园玩教具制作的基本要求。
●
相关链接 在E读中查询图书 在五车中查询图书 在当当中查询图书 在豆瓣中查询图书


正题名:幼儿园玩教具制作与环境创设     索取号:G614/1439         预约/预借

序号 登录号 条形码 馆藏地/架位号 状态 备注
1 1265331   212653314   第一样本阅览室/ [索取号:G614/1439] 在馆    
2 1265332   212653323   教育系资料室/ [索取号:G614/1439] 在馆    
3 1265333   212653332   教育系资料室/ [索取号:G614/1439] 在馆    
4 1265334   212653341   第四借阅区/ [索取号:G614/1439] 在馆    
5 1265335   212653350   第四借阅区/ [索取号:G614/1439] 在馆    
唐山师范学院图书馆 欢迎您!
大连网信软件有限公司© 版权所有